Vzťahy EÚ a vybraných štátov stredomorského regiónu bakalárska práca
Guardado en:
| Autor principal: | |
|---|---|
| Autor Corporativo: | |
| Otros Autores: | |
| Formato: | Libro |
| Lenguaje: | eslovaco |
| Publicado: |
Bratislava
2015
|
| Etiquetas: |
Sin Etiquetas, Sea el primero en etiquetar este registro!
|
MARC
| LEADER | 00000nbm a2200000 4500 | ||
|---|---|---|---|
| 001 | 0202639 | ||
| 005 | 20161212100223.9 | ||
| 041 | 0 | |a slo | |
| 044 | |a SK | ||
| 245 | 1 | 0 | |a Vzťahy EÚ a vybraných štátov stredomorského regiónu |b bakalárska práca |c Paulína Jakubjaková ; školiteľ: Bianka Bittmannová |
| 264 | 1 | |a Bratislava |c 2015 | |
| 300 | |a 60 s. | ||
| 100 | 1 | |a Jakubjaková, Paulína | |
| 700 | 1 | |a Bittmannová, Bianka | |
| 710 | 2 | |a Fakulta medzinárodných vzťahov EU. Katedra medzinárodných ekonomických vzťahov a hospodárskej diplomacie | |